Hieroglyphische Inschriften aus der ägyptischen Spätzeit /

محفوظ في:

المؤلف الرئيسي: Satzinger, Helmut.

مؤلفون آخرون: Kunsthistorisches Museum Wien., Randl, Monika., Vittmann, Günther.

التنسيق: كتاب

اللغة: German

منشور في: Darmstadt : Zabern, 2012.

سلاسل: Corpus antiquitatum Aegyptiacarum. Kunsthistorisches Museum Wien ; 17.

الموضوعات:

الوسوم: إضافة وسم

لا توجد وسوم, كن أول من يضع وسما على هذه التسجيلة!

رقم الطلب: DT59.1 .K85 v.17

LEADER 01138nam a2200289Ia 4500
003 OSt
005 20240206073649.0
008 130118s2012 gw a c 001 0 ger d
952 |0 0  |1 0  |2 lcc  |3 V.17  |4 0  |6 DT00591 K85 V.00017  |7 1  |9 40350  |a ARCE  |b ARCE  |d 2022-06-11  |l 0  |o DT59.1 .K85 v.17  |p 1026636  |r 2022-06-11 00:00:00  |w 2022-06-11  |y BK 
999 |c 47470  |d 47470 
020 |a 9783805344227 
040 |c ARCE Library 
050 4 |a DT59.1 .K85 v.17 
100 1 |a Satzinger, Helmut. 
245 1 0 |a Hieroglyphische Inschriften aus der ägyptischen Spätzeit /   |c Helmut Satzinger ; unter mitwirkung von Monika Randl und Günter Vittmann. 
264 1 |a Darmstadt :   |b Zabern,   |c 2012. 
300 |a 159 loose p. :   |b ill. ;   |c 30 cm. + booklet. 
490 0 |a Corpus antiquitatum Aegyptiacarum. Kunsthistorisches Museum Wien ;   |v 17. 
504 |a Includes indexes. 
610 2 0 |a Kunsthistorisches Museum Wien -- Catalogs. 
650 0 |a Art, Egyptian -- Catalogs. 
650 0 |a Sculpture, Egyptian -- Catalogs. 
700 1 |a Kunsthistorisches Museum Wien. 
700 1 |a Randl, Monika. 
700 1 |a Vittmann, Günther. 
901 |a reviewed 
942 |2 lcc  |c BK